| 000 | 00698nam a2200241Ia 4500 | ||
|---|---|---|---|
| 003 | OSt | ||
| 005 | 20220928124036.0 | ||
| 006 | a|||||r|||| 00| 0 | ||
| 007 | ta | ||
| 008 | 220927b |||||||| |||| 00| 0 eng d | ||
| 024 | _a65 | ||
| 037 | _cTextual | ||
| 040 |
_aSDCL _cSDCL _beng |
||
| 041 |
_2eng _aeng |
||
| 082 | _aX9(F55):(G:55), P7 | ||
| 100 |
_aSolomon Raj D _9463171 |
||
| 245 | 0 |
_aEnergy and environment interaction _bFuture challenges |
|
| 260 |
_aNew Delhi _bDep & Deep Publications _c2007 |
||
| 300 |
_axv,364p _ccm. |
||
| 650 |
_aEnvironment Energy Industry _9463172 |
||
| 942 |
_hX9(F55):(G:55), P7 _cTEXL _2CC |
||
| 999 |
_c776109 _d776109 |
||